Quiz Géographie - France - Statistiques

Statistiques générales
  • Ce quiz a été pris 376 fois
  • Le résultat moyen est 6 sur 12
Statistiques - réponses
Question Réponse % Correct
Quel est le numéro du département de la Sarthe ? 72
80%
Laquelle de ces région est la plus grande ? Nouvelle-Aquitaine
80%
Quelle rivière traverse Limoges ? La Vienne
67%
Quelle est la préfecture de l'Allier ? Moulins
58%
Laquelle de ces villes ne se trouvent pas en Corse ? Contes
53%
Quel est le point culminant de la Martinique ? Montagne Pelée
51%
Combien d'iles composent la Polynésie Française ? 118
47%
Quel département n'est pas frontalier avec un autre pays ? Haute-Saone
47%
Dans quel département la Loire prend-t-elle sa source ? Ardèche
29%
Quelle est la commune la plus peuplée de Normandie ? Le Havre
29%
Parmi c'est propositions, quel est le département le plus peuplé ? Finistère
18%
Quel est le département le plus boisé de France métropolitaine? Corse-du-Sud
13%
Aucun quiz correspondant
Distribution des résultats
% des personnes avec chaque résultat
Percentile par nombre de réponses
Votre historique - résultats
Vous n’avez pas pris ce quiz